MARC

LEADER 00000nam0a2200000 4500
001 315128
005 20231102002739.0
035 |a (RuTPU)RU\TPU\book\340561 
090 |a 315128 
100 |a 20160225d1981 k y0rusy5003 ca 
101 0 |a rus 
102 |a RU 
105 |a a z 001zy 
200 1 |a Повышение экономичности и надежности тепловых электрических станций  |e межвузовский сборник научных трудов  |f Ивановский энергетический институт (ИЭИ) 
210 |a Иваново  |c Изд-во Ивановского гос. ун-та  |d 1981 
215 |a 147 с.  |c ил.  |d 19 см. 
320 |a Библиография в конце статей 
606 1 |a Тепловые электрические станции  |x Технико-экономические показатели  |2 stltpush  |3 (RuTPU)RU\TPU\subj\59699  |9 77200 
610 1 |a экономичность 
610 1 |a надежность 
610 1 |a сепараторы 
610 1 |a мельницы 
610 1 |a конструкции 
610 1 |a оптимизация 
610 1 |a сепарация 
610 1 |a газовые потоки 
610 1 |a рециркуляция 
610 1 |a пиролиз 
610 1 |a природный газ 
610 1 |a сжигание в топках 
610 1 |a дымовые трубы 
610 1 |a унификация 
610 1 |a котлоагрегаты 
610 1 |a барботажные горелки 
675 |a 621.311.22.003.13  |z rus  |v 4 
712 0 2 |a Ивановский энергетический институт (ИЭИ)  |c (1930-1992)  |2 stltpush  |3 (RuTPU)RU\TPU\col\6341 
801 0 |a RU  |b RuMRKP  |c 19950704  |g psbo 
801 1 |a RU  |b 63413507  |c 20160225 
801 2 |a RU  |b 63413507  |c 20200720  |g RCR 
942 |c BK